The birth of the state : ancient Egypt, Mesopotamia, India and China /
'The Birth of the State' provides an overview of four of the most significant cultural centres in the ancient world, now in Egypt, the Persian Gulf region, India, and China.
المؤلف الرئيسي:
التنسيق: كتاب
اللغة: English
منشور في:
Prague :
Karolinum Press,
2013.
الطبعة: First English edition.
الموضوعات:
الوسوم: إضافة وسم
رقم الطلب: JC51 .C4313 2013
| LEADER | 01049nam a22002777a 4500 | ||
|---|---|---|---|
| 003 | OSt | ||
| 005 | 20250827103627.0 | ||
| 008 | 270303s2013 xr a g 000 0 eng d | ||
| 020 | |a 8024622149 | ||
| 020 | |a 9788024622149 | ||
| 040 | |c ARCE Library | ||
| 050 | 1 | 4 | |a JC51 |b .C4313 2013 |
| 100 | 1 | |a Charvát, Petr, |e author |9 27933 | |
| 245 | 1 | 4 | |a The birth of the state : |b ancient Egypt, Mesopotamia, India and China / |c Petr Charvát. |
| 250 | |a First English edition. | ||
| 264 | 1 | |a Prague : |b Karolinum Press, |c 2013. | |
| 300 | |a 356 pages : |b illustrations, maps ; |c 21 cm. | ||
| 500 | |a OCLC 864848323 | ||
| 504 | |a Includes bibliographical references (pages [341-346) and index. | ||
| 520 | |a 'The Birth of the State' provides an overview of four of the most significant cultural centres in the ancient world, now in Egypt, the Persian Gulf region, India, and China. | ||
| 650 | 0 | |a Cities and towns, Ancient. | |
| 650 | 0 | |a State, The |x Origin. | |
| 650 | 0 | |a Civilization, Ancient. | |
| 901 | |a reviewed | ||
| 942 | |c BK |2 lcc | ||
| 999 | |c 22122 |d 22122 | ||
